Gares de la Drôme - Statistiques

Statistiques générales
  • Ce quiz a été pris 204 fois
    124 depuis la dernière actualisation
  • Le résultat moyen est 10 sur 16
Statistiques - réponses
Nombre de voyageurs Gares % Correct
2 564 772 Valence
100%
963 113 Montélimar
95%
449 379 Romans - Bourg de Péage
87%
95 840 Livron
85%
78 396 Die
78%
282 395 Pierrelatte
73%
567 164 Tain l'Hermitage - Tournon
73%
94 347 Loriol
72%
3 550 552 Valence TGV
71%
99 305 Crest
67%
374 027 Saint Rambert d'Albon
51%
40 040 Donzère
45%
16 753 Saillans
44%
11 132 Luc en Diois
38%
339 426 Saint Vallier sur Rhone
37%
5 944 Lus la Croix Haute
30%
Aucun quiz correspondant
Distribution des résultats
% des personnes avec chaque résultat
Percentile par nombre de réponses
Votre historique - résultats
Vous n’avez pas pris ce quiz depuis la dernière actualisation